[Event "Vienna State-chC"]
[Site "Vienna"]
[Date "2022.09.25"]
[Round "9"]
[White "Gerold, Arnold"]
[Black "Bendl, Felix"]
[Result "1/2-1/2"]
[WhiteElo "1708"]
[BlackElo "1645"]
[PlyCount "58"]
[EventDate "2022.09.17"]
[EventType "swiss"]
[EventRounds "9"]
[EventCountry "AUT"]
[SourceTitle "CBM 210 Extra"]
[Source "ChessBase"]
[SourceDate "2022.11.30"]
[SourceVersion "1"]
[SourceVersionDate "2022.11.30"]
[SourceQuality "1"]

1. e4 c6 2. d4 d5 3. exd5 cxd5 4. c4 dxc4 5. Bxc4 Nf6 6. Nc3 e6 7. Nf3 Nc6 8. 0-0 Bb4 9. Bg5 0-0 10. Bd3 h6 11. Bh4 Be7 12. Bg3 Qb6 13. Na4 Qd8 14. Rc1 Nh5 15. Ne5 Nxe5 16. Bxe5 Nf6 17. Nc3 Bd7 18. Bb1 Bc6 19. Qd3 g6 20. Qh3 h5 21. f4 Bd6 22. Rcd1 Bxe5 23. fxe5 Ng4 24. Be4 Bxe4 25. Nxe4 Qd5 26. Qxg4 hxg4 27. Nf6+ Kg7 28. Nxd5 exd5 29. Rc1 Rac8 1/2-1/2

[Event "Vienna State-chC"]
[Site "Vienna"]
[Date "2022.09.23"]
[Round "7"]
[White "Bendl, Felix"]
[Black "Gerhold, Paul"]
[Result "1-0"]
[WhiteElo "1645"]
[BlackElo "1223"]
[PlyCount "46"]
[EventDate "2022.09.17"]
[EventType "swiss"]
[EventRounds "9"]
[EventCountry "AUT"]
[SourceTitle "CBM 210 Extra"]
[Source "ChessBase"]
[SourceDate "2022.11.30"]
[SourceVersion "1"]
[SourceVersionDate "2022.11.30"]
[SourceQuality "1"]

1. e4 c5 2. b3 Nc6 3. Bb2 Nf6 4. Nc3 g6 5. Bb5 Bg7 6. Bxc6 dxc6 7. d3 0-0 8. Nf3 Qa5 9. Qd2 Rd8 10. Na4 Qxd2+ 11. Nxd2 b6 12. 0-0 Ba6 13. h3 Nd7 14. Bxg7 Kxg7 15. f4 b5 16. Nb2 b4 17. a3 Nf8 18. axb4 Bb5 19. bxc5 Ne6 20. f5 Nd4 21. c4 h5 22. cxb5 Nxb5 23. fxg6 fxg6 1-0

[Event "Vienna State-chC"]
[Site "Vienna"]
[Date "2022.09.20"]
[Round "4"]
[White "Nicolussi, Hieronymus"]
[Black "Bendl, Felix"]
[Result "1/2-1/2"]
[WhiteElo "1239"]
[BlackElo "1645"]
[PlyCount "72"]
[EventDate "2022.09.17"]
[EventType "swiss"]
[EventRounds "9"]
[EventCountry "AUT"]
[SourceTitle "CBM 210 Extra"]
[Source "ChessBase"]
[SourceDate "2022.11.30"]
[SourceVersion "1"]
[SourceVersionDate "2022.11.30"]
[SourceQuality "1"]

1. d4 Nf6 2. e3 b6 3. Bd3 Bb7 4. f3 d5 5. Nd2 e6 6. f4 Nbd7 7. Ngf3 c5 8. c3 Rc8 9. 0-0 Be7 10. Ne5 0-0 11. Rf3 Ne4 12. Rh3 f5 13. Ndf3 Nxe5 14. Nxe5 Rf6 15. Qh5 h6 16. g4 Qe8 17. Qxe8+ Rxe8 18. Bxe4 dxe4 19. g5 Rff8 20. gxh6 gxh6 21. Rxh6 Rf6 22. Rxf6 Bxf6 23. Bd2 Bxe5 24. fxe5 Rc8 25. Rc1 cxd4 26. cxd4 Rxc1+ 27. Bxc1 Kg7 28. Kg2 Kg6 29. Kg3 Kh5 30. Bd2 a5 31. a4 Bc6 32. b3 Bd5 33. b4 axb4 34. Bxb4 Bb3 35. a5 bxa5 36. Bxa5 Bd5 1/2-1/2

[Event "Vienna State-chC"]
[Site "Vienna"]
[Date "2022.09.19"]
[Round "3"]
[White "Bendl, Felix"]
[Black "Brueggeboes, Anton"]
[Result "0-1"]
[WhiteElo "1645"]
[BlackElo "1506"]
[PlyCount "48"]
[EventDate "2022.09.17"]
[EventType "swiss"]
[EventRounds "9"]
[EventCountry "AUT"]
[SourceTitle "CBM 210 Extra"]
[Source "ChessBase"]
[SourceDate "2022.11.30"]
[SourceVersion "1"]
[SourceVersionDate "2022.11.30"]
[SourceQuality "1"]

1. e4 c5 2. b3 e5 3. Bb2 d6 4. Bb5+ Bd7 5. Bxd7+ Qxd7 6. d3 g6 7. Nf3 Bg7 8. 0-0 Ne7 9. Re1 0-0 10. Nc3 Nbc6 11. Ne2 f5 12. exf5 gxf5 13. Ng3 Qe8 14. Nd2 Rd8 15. Qc1 Nd5 16. Nf3 f4 17. Ne4 Qg6 18. Qd1 Nd4 19. Nxd4 cxd4 20. Ba3 f3 21. g3 Nf4 22. Kh1 Ne2 23. Nd2 Qh5 24. Nf1 Qh3 0-1

[Event "Vienna State-chC"]
[Site "Vienna"]
[Date "2022.09.18"]
[Round "2"]
[White "Giefing, Josef"]
[Black "Bendl, Felix"]
[Result "0-1"]
[WhiteElo "1771"]
[BlackElo "1645"]
[PlyCount "102"]
[EventDate "2022.09.17"]
[EventType "swiss"]
[EventRounds "9"]
[EventCountry "AUT"]
[SourceTitle "CBM 210 Extra"]
[Source "ChessBase"]
[SourceDate "2022.11.30"]
[SourceVersion "1"]
[SourceVersionDate "2022.11.30"]
[SourceQuality "1"]

1. d4 Nf6 2. Nf3 g6 3. Bf4 Bg7 4. e3 0-0 5. h3 d6 6. Nc3 Nbd7 7. Be2 Nb6 8. 0-0 Bd7 9. Bh2 Re8 10. Bb5 Bxb5 11. Nxb5 Qd7 12. Nc3 Rac8 13. a4 a5 14. Qd3 c5 15. Qb5 Qxb5 16. axb5 cxd4 17. exd4 Nc4 18. Na4 Ne4 19. Rfd1 d5 20. c3 e6 21. Rd3 Ra8 22. Ne5 Bxe5 23. dxe5 Reb8 24. Bf4 g5 25. Bh2 b6 26. b3 Ncd2 27. Ra3 Nb1 28. Ra2 Rb7 29. c4 dxc4 30. bxc4 Rc8 31. f3 Ned2 32. Raxd2 Nxd2 33. Rxd2 Rxc4 34. Nb2 Rc1+ 35. Kf2 Rbc7 36. Ke2 R1c2 37. Bg1 Rxd2+ 38. Kxd2 Rd7+ 39. Nd3 Rd5 40. Bxb6 Rxb5 41. Bc7 a4 42. Bd6 Rb3 43. Kc2 h5 44. Nc5 Re3 45. Kd2 Ra3 46. Ne4 Ra2+ 47. Ke3 Rxg2 48. Nc3 Rg3 49. Kf2 Rxh3 50. Kg2 g4 51. fxg4 Rxc3 0-1

[Event "Fuerstenfeld U18 op 5th"]
[Site "Fuerstenfeld"]
[Date "2022.07.24"]
[Round "7"]
[White "Ollhoff, Hannes"]
[Black "Bendl, Felix"]
[Result "0-1"]
[WhiteElo "1243"]
[BlackElo "1659"]
[PlyCount "80"]
[EventDate "2022.07.21"]
[EventType "swiss"]
[EventRounds "7"]
[EventCountry "AUT"]
[SourceTitle "CBM 209 Extra"]
[Source "ChessBase"]
[SourceDate "2022.09.30"]
[SourceVersion "1"]
[SourceVersionDate "2022.09.30"]
[SourceQuality "1"]

1. d4 Nf6 2. c4 e5 3. dxe5 Ng4 4. Nf3 Nc6 5. Bf4 Bb4+ 6. Nbd2 f6 7. e3 Ngxe5 8. Be2 0-0 9. 0-0 d6 10. a3 Ba5 11. b4 Bb6 12. Rc1 a5 13. b5 Nxf3+ 14. Bxf3 Ne5 15. Bd5+ Kh8 16. Nf3 Bc5 17. Bxe5 fxe5 18. a4 Rb8 19. Qd3 Bf5 20. Be4 Bxe4 21. Qxe4 Qf6 22. Rcd1 h6 23. Qg4 Qf7 24. Rd3 Rbe8 25. Qe4 Qh5 26. Qh4 Qf5 27. Rd2 Bb4 28. Rdd1 Qc2 29. Ra1 e4 30. Nd4 Qxc4 31. Rac1 Qf7 32. Rc2 Bc5 33. Rfc1 Bb6 34. Rc4 Re5 35. Ne2 d5 36. R4c2 Rf5 37. Nd4 Rh5 38. Qg3 Rg5 39. Qh4 Qf6 40. Ne2 Rxg2+ 0-1

[Event "Vienna Silvester op-B"]
[Site "Vienna"]
[Date "2021.12.29"]
[Round "3"]
[White "Roehrbacher, Franz"]
[Black "Bendl, Felix"]
[Result "1/2-1/2"]
[WhiteElo "1691"]
[BlackElo "948"]
[PlyCount "68"]
[EventDate "2021.12.27"]
[EventType "swiss"]
[EventRounds "7"]
[EventCountry "AUT"]
[SourceTitle "EXT 2023"]
[Source "ChessBase"]
[SourceDate "2022.10.05"]
[SourceVersion "1"]
[SourceVersionDate "2022.10.05"]
[SourceQuality "1"]

1. e4 e5 2. Nf3 Nc6 3. Bb5 Nf6 4. Bxc6 dxc6 5. d3 Bg4 6. Be3 Bd6 7. 0-0 0-0 8. Nbd2 h6 9. Qe2 Re8 10. Rad1 Qe7 11. Nb3 Rad8 12. h3 Bh5 13. Na5 Bb4 14. Bd2 Bxa5 15. Bxa5 b6 16. Bc3 c5 17. a4 Qe6 18. b3 Nh7 19. Qe3 Qf6 20. g4 Bg6 21. Bxe5 Rxe5 22. Nxe5 Qxe5 23. f4 Qc3 24. f5 Bxf5 25. gxf5 Qxc2 26. e5 Qxb3 27. e6 Qd5 28. exf7+ Qxf7 29. Qe6 Re8 30. Qxf7+ Kxf7 31. d4 cxd4 32. Rxd4 Nf6 33. Rc4 Re7 34. Rfc1 Ne8 1/2-1/2